|
|
|
|
| LEADER |
01037nam a2200277 a 4500 |
| 001 |
811 |
| 003 |
BD-DhAAL |
| 005 |
20150518101813.0 |
| 008 |
150518s1980 sz a b i000 0 eng |
| 010 |
|
|
|a 81170250
|
| 015 |
|
|
|a Sw***
|
| 020 |
|
|
|a 9241541563 :
|c 26.00F
|
| 040 |
|
|
|a DLC
|c DLC
|d DLC
|d BD-DhAAL
|
| 050 |
0 |
0 |
|a RA410.6
|b .G8
|
| 082 |
0 |
0 |
|a 350.77
|2 19
|
| 245 |
0 |
0 |
|a Guidelines for health manpower planning :
|b a course book /
|c by P. Hornby ... [et al.].
|
| 260 |
|
|
|a Geneva :
|b World Health Organization ;
|a Albany, N.Y. :
|b obtainable from the WHO Publications Centre,
|c 1980.
|
| 300 |
|
|
|a 368 p. :
|b ill. ;
|c 25 cm.
|
| 504 |
|
|
|a Includes bibliographical references.
|
| 541 |
|
|
|e 811
|
| 650 |
|
0 |
|a Medical personnel
|x Handbooks, manuals, etc.
|9 11119
|
| 650 |
|
0 |
|a Health planning
|x Handbooks, manuals, etc.
|9 11120
|
| 700 |
1 |
|
|a Hornby, P.
|9 11121
|
| 942 |
|
|
|2 ddc
|c BK
|
| 999 |
|
|
|c 34433
|d 34433
|
| 952 |
|
|
|0 0
|1 0
|2 ddc
|4 0
|6 350_770000000000000_GUI
|7 0
|9 53758
|a SCL
|b SCL
|c GEN
|d 2015-05-18
|l 0
|o 350.77 GUI
|p 3020000811
|r 2015-05-18
|t 1
|w 2015-05-18
|y BK
|